[Event "Schleswig Holstein-ch cand-B 56th"]
[Site "Eckernfoerde"]
[Date "2001.04.??"]
[Round "3"]
[White "Romischke, Wolfgang"]
[Black "Engels, Gerd"]
[Result "1-0"]
[WhiteElo "1779"]
[BlackElo "1864"]
[PlyCount "103"]
[EventDate "2001.04.??"]
[EventType "swiss"]
[EventRounds "9"]
[EventCountry "GER"]
[SourceTitle "EXT 2004"]
[Source "ChessBase"]
[SourceDate "2003.11.25"]
[SourceVersion "1"]
[SourceVersionDate "2003.11.25"]
[SourceQuality "1"]

1. c4 f5 2. Nf3 Nf6 3. d4 e6 4. Nc3 d5 5. Bf4 c6 6. e3 Bd6 7. Bxd6 Qxd6 8. cxd5 exd5 9. Rc1 0-0 10. Bd3 Ne4 11. Qb3 Nd7 12. Bxe4 fxe4 13. Nxe4 Qg6 14. Ng3 Kh8 15. Qc2 Qxc2 16. Rxc2 Nf6 17. Nd2 Be6 18. 0-0 Rae8 19. Nb3 h5 20. Nc5 Bc8 21. h4 g6 22. Nd3 Ng4 23. Nf4 Kg7 24. Rc3 Kh6 25. Nh3 Nf6 26. Ng5 Ne4 27. N3xe4 dxe4 28. Rc5 Rf5 29. Rfc1 Rxc5 30. Rxc5 Bf5 31. Re5 Rxe5 32. Nf7+ Kg7 33. Nxe5 Kf6 34. Nc4 b6 35. Kf1 Ke6 36. Ke2 Kd5 37. Nd2 c5 38. dxc5 bxc5 39. b3 Bc8 40. Kd1 Ba6 41. Kc2 Bd3+ 42. Kc3 Ke5 43. a3 Kf5 44. b4 cxb4+ 45. axb4 Kg4 46. Kd4 Kxh4 47. Nxe4 Bxe4 48. Kxe4 Kg5 49. Ke5 Kh6 50. f4 g5 51. fxg5+ Kxg5 52. e4 1-0

[Event "Schleswig Holstein-ch cand-B 56th"]
[Site "Eckernfoerde"]
[Date "2001.04.??"]
[Round "7"]
[White "Romischke, Wolfgang"]
[Black "Feuerstack, Aljoscha"]
[Result "0-1"]
[WhiteElo "1779"]
[BlackElo "1814"]
[PlyCount "84"]
[EventDate "2001.04.??"]
[EventType "swiss"]
[EventRounds "9"]
[EventCountry "GER"]
[SourceTitle "EXT 2004"]
[Source "ChessBase"]
[SourceDate "2003.11.25"]
[SourceVersion "1"]
[SourceVersionDate "2003.11.25"]
[SourceQuality "1"]

1. c4 c5 2. Nc3 Nc6 3. g3 g6 4. Bg2 Bg7 5. Nf3 Nf6 6. 0-0 0-0 7. d4 cxd4 8. Nxd4 Nxd4 9. Qxd4 d6 10. Rd1 a6 11. Qh4 Qc7 12. b3 Ng4 13. Bb2 Qa5 14. Rd5 Qb6 15. c5 Qb4 16. Rd3 Qxc5 17. Ne4 Qc7 18. Bxg7 Kxg7 19. h3 Ne5 20. Rc3 Qd8 21. Rac1 Re8 22. f4 Nc6 23. g4 Nb4 24. Ra1 Qb6+ 25. Kh2 Nd5 26. Ng5 Nf6 27. Rd3 h5 28. gxh5 Rh8 29. Bf3 Nxh5 30. Bxh5 Rxh5 31. Qe1 f6 32. Qc3 Qf2+ 33. Kh1 Bd7 34. Rf3 Qb6 35. Qc4 fxg5 36. fxg5 Bc6 37. Qf7+ Kh8 38. Kg2 Rh7 39. Qf4 Qb5 40. Qd4+ Kg8 41. e4 Qe2+ 42. Kg3 Rxh3+ 0-1